Statistics for Aragorn

Click here to take the quiz!

General Stats

  • This quiz has been taken 32 times
    (25 since last reset)
  • The average score is 3 of 15

Answer Stats

HintAnswer% Correct
Weapon
Andúril
78%
RaceMen
78%
Age210
33%
SpouseArwen Undómiel
33%
Rule122
11%
King of Arnor26th
11%
King of Gondor35th
11%
Height6'6 feet
11%
ParentsArathorn II and Gilraen
11%
Death
March 1, FO 120
11%
ChildrenEldarion and several daughters
11%
CultureHouse of Isildur - founded the House of Telcontar
11%
BirthMarch 1, TA 2931
11%
RealmsReunited Kingdom - Arnor and Gondor
11%
CrowningTA 3019
11%

Score Distribution

Percentile by Number Answered

Percent of People with Each Score

Your Score History

You have not taken this quiz since the last reset